000 00632nam a22001697a 4500
003 AUA.1
005 20210325093712.0
008 210325b ||||| |||| 00| 0 eng d
040 _cJTL
100 _aOsei-Owusu, George
245 _aChurch planting challenges in the Traboum District of the Central Ghana Conference of the Seventh-day Adventist Church /
_cGeorge Osei-Owusu.
260 _c2020.
300 _axii, 100 leaves :
_bill. ;
_c28 cm.
650 _aChurch planting
650 _aSeventh-day Adventist Church
_xTraboum District
_xCentral Ghana Conference
_xGhana
942 _2aua
_cPROJECT
_hMA PTh
_i.O74 2020
999 _c23194
_d23194